000 00595naa a2200205 4500
001 2162214035924922
003 UA-OsUOA
005 20240424145642.0
008 240424b un ||||| |||| 00| 0 ukr d
040 _aUA-OsUOA
_bukr
_cUA-OsUOA
_dUA-OsUOA
041 _aukr
080 _a908
090 _a908
100 _aРуй О.
_92627
245 _aПисанкарка Олександра Романенко
_cОльга Руй
300 _aС. 23–25
650 _2UDC
773 0 _0331095
_9355493
_dОстрог ОРД 1994
_tСпадщина
_w(UA-OsUOA) 44982
942 _2udc
_cBKA
999 _c576308
_d576308